Catálogo
 En Linea

Principios de economía política / (Registro nro. 29964)

Detalles MARC
000 -CABECERA
campo de control de longitud fija 01720nam a2200277 i 4500
001 - NÚMERO DE CONTROL
campo de control 000030472
003 - IDENTIFICADOR DEL NÚMERO DE CONTROL
campo de control DO-SdBNP
005 - FECHA Y HORA DE LA ÚLTIMA TRANSACCIÓN
campo de control 20240731114020.0
007 - CAMPO FIJO DE DESCRIPCIÓN FÍSICA--INFORMACIÓN GENERAL
campo de control de longitud fija ta
008 - DATOS DE LONGITUD FIJA--INFORMACIÓN GENERAL
campo de control de longitud fija 090930s1980 dr a 000 | spa d
040 ## - FUENTE DE LA CATALOGACIÓN
Centro catalogador/agencia de origen DO-SdBNP
Lengua de catalogación spa
Centro/agencia transcriptor BNPHU
Normas de descripción rda
082 ## - NÚMERO DE LA CLASIFICACIÓN DECIMAL DEWEY
Número de clasificación 338.5
Número de edición 22
Número de documento/Ítem C334p, 1980
100 1# - ENTRADA PRINCIPAL--NOMBRE DE PERSONA
Nombre de persona Casado, Lucio
Término indicativo de función/relación autor
9 (RLIN) 6670
245 10 - MENCIÓN DE TÍTULO
Título Principios de economía política /
Mención de responsabilidad, etc. Lucio Casado.
250 ## - MENCIÓN DE EDICIÓN
Mención de edición 6a edición
264 ## - PRODUCCIÓN, PUBLICACIÓN, DISTRIBUCIÓN, FABRICACIÓN Y COPYRIGHT
Producción, publicación, distribución, fabricación y copyright Santo Domingo :
Nombre del de productor, editor, distribuidor, fabricante Colegial Quisqueyana,
Fecha de producción, publicación, distribución, fabricación o copyright 1980.
300 ## - DESCRIPCIÓN FÍSICA
Extensión 228 paginas :
Otras características físicas ilustraciones ;
Dimensiones 23 cm.
336 ## - TIPO DE CONTENIDO
Fuente rdacontent
Término de tipo de contenido texto
Código de tipo de contenido txt
337 ## - TIPO DE MEDIO
Fuente rdamedia
Nombre/término del tipo de medio sin mediación
Código del tipo de medio n
338 ## - TIPO DE SOPORTE
Fuente rdacarrier
Nombre/término del tipo de soporte volumen
Código del tipo de soporte nc
505 ## - NOTA DE CONTENIDO CON FORMATO
Nota de contenido con formato La actividad económica 15 -- Las necesidades económicas 21 -- Los bienes económicos 27 -- La utilidad de los bienes 31 -- Coste-valor-precio 37 -- Leyes fundamentales de la economía 43 -- La producción 53 -- Los factores de la producción 59 -- Aspectos generales del campo en R.D. 65 -- El trabajo humano 71 -- El capital 77 -- Los sujetos económicos-la empresa 83 -- La concentración de empresas 95 -- La economía doméstica 99 -- El Estado y la vida económica 107 -- Los planes económicos 117 -- Consumo internacional 123 -- La balanza de pagos 131 -- La circulación económica 137 -- Patrimonio, renta, producto nacional 143 -- Ahorro e inversión 153 -- Ingreso, beneficio, costo 161 -- Los mercados y la formación de los precios 165 - El dinero 175 -- La inflación 183 -- El crédito 189 -- Los bancos 197 -- El salario 205 -- Desarrollo y subdesarrollo económico 211 -- Los principales económicos 217
590 ## - NOTA LOCAL (RLIN)
Nota local Inventariado, 2023 / DG
650 #0 - PUNTO DE ACCESO ADICIONAL DE MATERIA--TÉRMINO DE MATERIA
Término de materia o nombre geográfico como elemento de entrada Economía política
9 (RLIN) 5976
910 ## - DATOS DE OPCIÓN DEL USUARIO (OCLC)
Datos de opción del usuario DG
942 ## - ELEMENTOS DE PUNTO DE ACCESO ADICIONAL (KOHA)
Fuente del sistema de clasificación o colocación Dewey Decimal Classification
Tipo de ítem Koha Libro
Existencias
Estado de retiro Estado de pérdida Fuente del sistema de clasificación o colocación Restricciones de uso No para préstamo Código de colección Localización permanente Ubicación/localización actual Ubicación en estantería Fecha de adquisición Total de préstamos Signatura topográfica completa Código de barras Fecha visto por última vez Número de copia Precio válido a partir de Tipo de ítem Koha Fuente de adquisición
    Dewey Decimal Classification Préstamo en sala   Dominicana de Servicio Biblioteca Nacional Pedro Henríquez Ureña Biblioteca Nacional Pedro Henríquez Ureña Depósito 07.06.2013   BNPHU DS C334p, 1980 30472-30 25.06.2020 e.3 25.06.2020 Libro  
    Dewey Decimal Classification Excluido de préstamo   Patrimonio Dominicano Biblioteca Nacional Pedro Henríquez Ureña Biblioteca Nacional Pedro Henríquez Ureña Depósito 18.05.2011   BNPHU PD C334p, 1980 30472-10 25.06.2020   25.06.2020 Libro  
    Dewey Decimal Classification Excluido de préstamo   Patrimonio Dominicano Biblioteca Nacional Pedro Henríquez Ureña Biblioteca Nacional Pedro Henríquez Ureña Depósito 01.05.2013   BNPHU PD C334p, 1980 30472-20 25.06.2020 e.2 25.06.2020 Libro  
    Dewey Decimal Classification Préstamo en sala   Dominicana de Servicio Biblioteca Nacional Pedro Henríquez Ureña Biblioteca Nacional Pedro Henríquez Ureña En catalogación 21.12.2023   BNPHU DS 338.5 C334p, 1980 2023-8398 21.12.2023 e.4 21.12.2023 Libro donación
    Dewey Decimal Classification Préstamo en sala   Dominicana de Servicio Biblioteca Nacional Pedro Henríquez Ureña Biblioteca Nacional Pedro Henríquez Ureña En catalogación 21.12.2023   BNPHU DS 338.5 C334p, 1980 2023-8399 21.12.2023 e.5 21.12.2023 Libro donación

Con tecnología Koha